Tilastot visalle Jääkiekon Suomen mestarit

Klikkaa tästä pelataksesi tätä visaa!

Yleistilastot

  • Tätä visaa on pelattu 3 797 kertaa
    (574 viimeisimmän päivityksen jälkeen)
  • Keskiarvotulos 70 / 90

Vastaustilastot

VuosiSuomen mestarit% Oikein
1959 | 1961 | 1964 | +12 othersTappara
99%
1980-1981 | 2003-2004 | 2004-2005 | +5 othersKärpät
95%
1936 | 1937 | 1938 | +13 othersIlves
95%
1969 | 1970 | 1974 | +4 othersHIFK
94%
1956 | 1975-1976 | 1988-1989 | +8 othersTPS
91%
1963 | 2020-2021Lukko
87%
1973 | 1991-1992 | 1993-1994 | +3 othersJokerit
84%
2005-2006 | 2018-2019HPK
77%
1971 | 1977-1978 | 2012-2013Ässät
77%
2008-2009 | 2011-2012JYP
77%
1929 | 1932 | 1935HJK
36%
1968KOOVEE
29%
1928Reipas
28%
1953 | 1954 | 1955TBK
26%
1965Karhut
22%
1948 | 1949Tarmo
15%
1967RU-38
13%
1939 | 1941 | 1943KIF
13%
1933 | 1934HSK
11%
1931TaPa
11%

Tulosjakauma

Persentiili vastausten määrän mukaan

Jokaisen tuloksen saaneiden osuus

Tuloshistoriasi

Et ole pelannut tätä visaa sen viimeisimmän päivityksen jälkeen